Proceso de inadaptación social

Uloženo v:
Podrobná bibliografie
Hlavní autor: Valverde Molina, Jesús (Autor)
Médium: Kniha
Jazyk:španělština
Vydáno: Madrid Popular 1996
Vydání:3a. ed
Edice:Colección Al Margen, 3
Témata:
Tagy: Přidat tag
Žádné tagy, Buďte první, kdo vytvoří štítek k tomuto záznamu!

MARC

LEADER 00000nam a2200000 a 4500
001 UCP3119
003 CL-VaPUC
008 990611e19960000SP |||||||||||||||||spa|d
082 0 4 |a 302.17  |b VAL  |2 21 
100 0 |a Valverde Molina, Jesús  |e author  |9 430242 
245 1 0 |a Proceso de inadaptación social 
250 |a 3a. ed 
300 |a 319 p 
942 |c BK 
945 |d 19990611 00:00:00  |a rbrito 
260 |a Madrid  |b Popular  |c 1996 
650 0 |a Marginación social   |9 430243 
650 0 |a Delincuencia  |9 335739 
650 7 |a INADAPTACION SOCIAL  |2 CL-VaPUC  |9 358146 
583 |a last modification  |c 19990611 00:00:00  |k Rodrigo Vera 
490 0 |a Colección Al Margen, 3 
999 |c 281548  |d 281546 
952 |0 0  |1 0  |4 0  |6 302_170000000000000_VAL_1996  |7 0  |8 A  |9 322337  |a BIBGIM  |b BIBGIM  |d 2019-11-20  |i 3511022  |o 302.17 VAL 1996  |p 3511022  |r 2025-01-15  |w 2019-11-20  |y BK  |k SSL 
952 |0 0  |1 0  |4 0  |6 302_170000000000000_VAL_1996  |7 0  |8 A  |9 322338  |a BIBGIM  |b BIBGIM  |d 2019-11-20  |i 3633055  |o 302.17 VAL 1996  |p 3633055  |r 2025-01-15  |w 2019-11-20  |y BK  |k SSL